LDR 01230nam a2200277 i 4500 001 000000069809 003 CaOOAMICUS 005 20260427171928.0 008 990927s1964 it u000 u ita u 040 $aSeMil$bita 100 1 $aWedgwood, Cicely Veronica,$d<1910-1997>.$0(OLS)http://semarc/name/34798 240 14$aThe Thirty years War.$0(OLS)http://semarc/title/459415 245 13$aLa Guerra dei Trent'anni /$cC. V. Wedgwood ; traduzione dall'inglese di Antonio Cettuzzi. 264 1$a[Milano] :$bDall'Oglio,$c1964. 300 $a537 p. ;$c23 cm 490 1 $aCultura contemporanea 650 4$aEuropa - Storia - Sec. 17.$0(OLS)http://semarc/subject/1050 650 4$aGuerra dei Trent'anni <1618-1648>.$0(OLS)http://semarc/subject/13871 700 1 $aCettuzzi, Antonio.$0(OLS)http://semarc/name/34799 830 0$aCultura contemporanea.$0(OLS)http://semarc/title/18323 850 $aSeMil 852 $aSeMil$W1$xVenegono$y1$m3U IV 535$j271081$B35962$CSeMilBibl$Z2$F35965 $81 961 $aOmaggio: Ciprandi dott. Paolo 996 $6245$aLa Guerra dei Trent'anni$9(OLS)http://semarc/title/111870 996 $6264$a[Milano] :$bDall'Oglio$9(OLS)http://semarc/publisher/42340